000 00563nam a2200157 i 4500
001 176713
003 ES-MaACL
005 20230906220152.0
008 110203s1879 sp |||| | spa d
110 2 _aSociedad Protectora de los Animales y las Plantas de Cádiz.
_9145016
245 1 0 _aMemoria trimestral reglamentaria de la Sociedad Protectora de los Animales y las Planta de Cádiz.
260 _a[Cádiz :
_bs.n.,
_c1879?]
300 _aP. 193-220 ;
_c20 cm.
594 _aTít. tomado del principio del texto, sin portada.
852 _aES-MaACL
_jT-361-F-2
999 _c176713
_d176713